USA Invasions - Statistics

General Stats
  • This quiz has been taken 193 times
  • The average score is 17 of 23
Answer Stats
Date Answer % Correct
2003 Iraq
99%
1991 Iraq
99%
2001 Afghanistan
95%
1944 Germany
95%
1945 Japan
90%
1944 Japan
90%
1942 Japan
90%
1942 France
83%
1945 Italy
80%
1943 Italy
80%
1961 Cuba
75%
1951 North Korea
75%
1951 North Korea
75%
1950 North Korea
75%
1900 China
64%
1918 Russia
61%
1970 Cambodia
58%
1989 Panama
58%
1971 Laos
53%
1983 Grenada
51%
1994 Haiti
47%
1915 Haiti
47%
1965 Dominican Republic
42%
No matching quizzes found
Score Distribution
Percent of People with Each Score
Percentile by Number Answered
Your Score History
You have not taken this quiz